000 00911nab a2200301 4500
003 BR-BrBNA
005 20240619103950.0
008 240619b bl.||||| |||| 00| 0 por d
040 _aBR-BrBNA
_bpor
072 _aH20 ; H01 ; H10
100 _aFukuda, Leandro Aparecido
100 _aPavani, Aparecido Tadeu
245 _aMorte súbita dos citros
_bPragas
500 _a7 illus.
650 _aCITRICULTURA
650 _aPOMAR
650 _aMORTE SÚBITA
650 _aDOENÇA DE PLANTA
650 _aVÍRUS
650 _aINSETO
650 _aVETOR
650 _aPRAGA DE PLANTA
650 _aPROFILAXIA
650 _aPORTA ENXERTO
773 0 _04769
_9314618
_dBebedouro - SP Grupo Técnico de Assistência e Consultoria em Citrus 2001
_o2024-0870
_tCiência e Pratica (Brazil)
_gv. 3(8) p. 3-4; (Jan-Mar 2003)
_wBR2024001583
942 _cAnalítica
999 _c300129
_d300129